القانون الدولي العام / (رقم التسجيلة. 81680)

تفاصيل مارك
000 -الفاتح
عناصر البيانات ثابتة الطول 01029cam a2200241 i 4500
005 - تاريخ ووقت آخر معاملة
حقل ضبط 20260122120556.0
008 - عناصر البيانات ثابتة الطول
عناصر البيانات ثابتة الطول 250721s1999 ua gr 000 0 ara d
020 ## - الترقيم الدولي المعياري للكتب (ردمك)
الترقيم الدولي المعياري للكتب (ردمك) 9770305499
082 14 - رقم تصنيف ديوي العشري
رقم التصنيف 341
رقم المادة ع ب د
100 1# - مدخل رئيسي – اسم شخصي
الاسم الشخصي عبدالحميد، محمد سامي
علاقة الشخص بالعمل/ دوره مؤلف.
245 10 - بيان العنوان
العنوان القانون الدولي العام /
بيان المسؤولية دكتور محمد سامي عبد الحميد، دكتور محمد السعيد الدقاق، دكتور مصطفى سلامة حسين.
250 ## - بيان الطبعة
بيان الطبعة الطبعة الأولى.
264 31 - بيانات النشر، التوزيع…إلخ
مكان النشر، التوزيع...إلخ الإسكندرية :
اسم الناشر، الموزع...إلخ منشأة المعارف،
تاريخ النشر، التوزيع...إلخ 1999.
300 ## - الوصف المادي
عدد الوحدات المكونة للوعاء 507 صفحة.
650 17 - مدخل إضافي بالموضوع - مصطلح موضوعي
مصطلح موضوعي أو اسم جغرافي كعنصر مدخل القانون الدولي العام.
650 17 - مدخل إضافي بالموضوع - مصطلح موضوعي
مصطلح موضوعي أو اسم جغرافي كعنصر مدخل الإتفاقيات الدولية.
650 17 - مدخل إضافي بالموضوع - مصطلح موضوعي
مصطلح موضوعي أو اسم جغرافي كعنصر مدخل التعاون الدولي.
650 17 - مدخل إضافي بالموضوع - مصطلح موضوعي
مصطلح موضوعي أو اسم جغرافي كعنصر مدخل المنظمات الدولية.
700 1# - مدخل إضافي - اسم شخصي
الاسم الشخصي دقاق، محمد السعيد
علاقة الشخص بالعمل/ دوره مؤلف مشارك.
700 1# - مدخل إضافي - اسم شخصي
الاسم الشخصي حسين، مصطفى سلامة
تواريخ خاصة بالشخص مؤلف مشارك.
942 ## - بيانات إضافية (كوها)
نوع التنصيف Dewey Decimal Classification
نوع المادة (كوها) كتب
المقتنيات
حالة السحب حالة الفقدان مصدر التصنيف حالة التلف غير قابل للإعارة المكتبة الرئيسية المكتبة الحالية موقع الرف تاريخ التزويد الرقم المتسلسل Total Checkouts رقم الإستدعاء الباركود تاريخ آخر ظهور تاريخ الفاتورة نوع المادة (كوها)
    Dewey Decimal Classification     المكتبة المركزية المكتبة المركزية الإعارة 27/03/2012 23924   341 / ع ب د PLD00247486 28/07/2025 27/03/2012 كتب
    Dewey Decimal Classification     مكتبة صويلح العامة مكتبة صويلح العامة الإعارة 04/01/1980 09743   341/عبد PLD00485504 28/07/2025 04/01/1980 كتب
Implemented & Customized by: BBB with SCIT (Smart Chains for Information Technology)

Powered by Koha